000 01304 a2200205 4500
020 _a0749456515 (paperback)
020 _a9780749456511 (paperback)
082 _a153.9'4
090 _c6347
_d6347
100 1 _aBarrett, Jim.
245 1 0 _aAptitude, personality and motivation tests :
_banalyse your talents and personality and plan your career /
_cJim Barrett.
250 _aThird Edition.
260 _a[S.l.] :
_bKogan Page,
_c2009.
300 _a300 p. ;
_c22 cm.
490 1 _aTesting series.
520 _aMore and more companies are using tests to vet job applicants and assess staff.  To perform their best under test conditions, candidates need to practice their skills. Prospective test-takers, as well as people looking for guidance on career choices, will find useful advice in the new edition of Aptitude, Personality and Motivation Tests .  Filled with new and improved practice tests, it will help build a profile of the reader’s personality, skills, and abilities, helping readers prepare for the real tests, find their ideal career, plan a career change, or simply explore their poten
830 _aTesting se
856 _3Amazon.com
_uhttp://www.amazon.com/exec/obidos/ASIN/0749456515/chopaconli
942 _aNBS
_cBK
_k153.9'4 BAR
999 _c348713
_d348713